000 00890pab a2200169 454500
008 180718b2000 xxu||||| |||| 00| 0 eng d
100 _aNavlakha, Gautam
245 _aKashmir: It's never too late to do the right thing
260 _c2000
300 _ap.2703-706
362 _a29 Jul
520 _aAn obsession with territorial integrity has undermined the singular importance of the politics of solidarity, preventing an appreciation of the ground realities in Kashmir. The government's current offer to hold unconditional talks with the militant leadership, while commendable, cannot succeed unless there is a recognition of the urgent need to begin the long process of gaining the confidence of the Kashmiris. - Reproduced
650 _aJammu and Kashmir - Politics and government
650 _aPolitics and government
773 _aEconomic and Political Weekly
909 _a45712
999 _c45712
_d45712